00657nam a2200229 a 4500001001300000003000900013005001700022008004100039020001000080082001800090100002100108245002800129260004000157300000900197500003500206650001700241700002100258902000800279942000700287952011800294999001500412nice12345678IN_TiNIC20260116011414.0070726s1993 chea grp 000 0 eng  ac10000a294.3927bNUK aNukariya, Kaiten aReligion of the Samurai aChennai bLilly Soosai Opset c1993 a253p aincludes index and biblioraphy aBuddhism-Zen1 aNukariya, Kaiten bSRS cBK 001040708StackRoom-aHMIbHMId2007-07-26g100.00l0o294.3927 NUKp00272r2007-07-26v100.00w2007-07-26yBK c1239d1239